Statistics for Scorpions albums

Click here to take the quiz!

General Stats

  • This quiz has been taken 67 times
  • The average score is 9 of 18

Answer Stats

YearAlbum% Correct
1984Love at First Sting
80%
1982Blackout
75%
1976Virgin Killer
62%
1990Crazy World
60%
1979Lovedrive
60%
1980Animal Magnetism
56%
1974Fly to the Rainbow
53%
1972Lonesome Crow
53%
1975In Trance
49%
1988Savage Amusement
47%
1977Taken by Force
45%
2010Sting in the Tail
42%
1993Face the Heat
36%
1999Eye II Eye
33%
2004Unbreakable
33%
2015Return to Forever
29%
1996Pure Instinct
25%
2007Humanity: Hour I
20%

Score Distribution

Percentile by Number Answered

Percent of People with Each Score

Your Score History

You have not taken this quiz